Mammifères marins - Statistiques

Statistiques générales
  • Ce quiz a été pris 115 fois
  • Le résultat moyen est 5 sur 19
Statistiques - réponses
Mammifères marins % Correct
Orque
78%
Baleine bleue
69%
Baleine à bosse
58%
Béluga
58%
Cachalot
54%
Morse
43%
Narval
41%
Lamantin
21%
Éléphant de mer
20%
Dugong
12%
Otarie de Californie
7%
Phoque veau marin
6%
Globicéphale noir
4%
Léopard des mers
4%
Dauphin pilote
2%
Dauphin souffleur
2%
Dauphin rose d'Amazonie
1%
Otarie des Galapagos
1%
Phoque à capuchon
1%
Aucun quiz correspondant
Distribution des résultats
% des personnes avec chaque résultat
Percentile par nombre de réponses
Votre historique - résultats
Vous n’avez pas pris ce quiz